| Tag |
First Indicator |
Second Indicator |
Subfields |
| LEADER |
00000cam a2200000 a 4500 |
| 001 |
in00000089714 |
| 005 |
20151008065509.0 |
| 008 |
820112s1981 enk b 00010 eng |
| 010 |
|
|
|a 80042290
|
| 015 |
|
|
|a GB***
|
| 020 |
|
|
|a 052123574X
|
| 020 |
|
|
|a 0521280494 (pbk.)
|
| 035 |
|
|
|a (OCoLC)07906474
|
| 035 |
|
|
|9 AAK6055AM
|
| 039 |
0 |
|
|a 2
|b 3
|c 3
|d 3
|e 3
|
| 040 |
|
|
|a DLC
|c DLC
|d TXA
|d UtOrBLW
|
| 041 |
1 |
|
|a eng
|a fre
|
| 043 |
|
|
|a e-fr---
|
| 049 |
|
|
|a TXAM
|c [1272406]
|
| 050 |
0 |
0 |
|a DC138
|b .F813
|
| 082 |
0 |
|
|a 944.04
|2 19
|
| 100 |
1 |
|
|a Furet, François,
|d 1927-1997.
|
| 240 |
1 |
0 |
|a Penser la Révolution française.
|l English
|
| 245 |
1 |
0 |
|a Interpreting the French Revolution /
|c Francois Furet ; translated by Elborg Forster.
|
| 264 |
|
1 |
|a Cambridge ;
|a New York :
|b Cambridge University Press ;
|a Paris :
|b Editions de la Maison des sciences de l'homme,
|c 1981.
|
| 300 |
|
|
|a x, 204 pages ;
|c 24 cm.
|
| 336 |
|
|
|a text
|b txt
|2 rdacontent
|
| 337 |
|
|
|a unmediated
|b n
|2 rdamedia
|
| 338 |
|
|
|a volume
|b nc
|2 rdacarrier
|
| 500 |
|
|
|a Translation of: Penser la Revolution francaise.
|
| 504 |
|
|
|a Includes bibliographical references.
|
| 600 |
1 |
0 |
|a Cochin, Augustin,
|d 1876-1916.
|
| 600 |
1 |
0 |
|a Tocqueville, Alexis de,
|d 1805-1859.
|
| 651 |
|
0 |
|a France
|x History
|y Revolution, 1789-1799
|x Causes.
|
| 651 |
|
0 |
|a France
|x History
|y Revolution, 1789-1799
|x Historiography.
|
| 999 |
|
|
|a MARS
|
| 999 |
f |
f |
|s baeff17b-2db1-3e6f-8bd2-5d3cb3cb4f6a
|i 786e186c-6f8c-33b9-adb8-c3274810c3eb
|t 0
|
| 952 |
f |
f |
|p normal
|a Texas A&M University
|b College Station
|c Sterling C. Evans Library
|d Evans: Library Stacks
|t 0
|e DC138 .F813
|h Library of Congress classification
|i unmediated -- volume
|m A14806097303
|
| 998 |
f |
f |
|a DC138 .F813
|t 0
|l Evans: Library Stacks
|